01228nam a2200301Ia 4500001001200000003000800012006001900020007001500039008004100054020001800095020002600113040002100139035002100160050002400181100003000205245009800235260008100333300002500414504006400439533015200503650002500655650003400680655002900714700002100743710001700764856012600781999001900907ebr10218237CaPaEBRm u cr cn|||||||||040218s2005 caua sb 001 0 eng d z9780761944218 z9781847877581 (ebook) aCaPaEBRcCaPaEBR a(OCoLC)64835642414aLB1028b.B83 2005eb1 aBurton, Dianaq(Diana M.)10aPractitioner research for teachersh[electronic resource] /cDiana Burton and Steve Bartlett. aThousand Oaks, Calif. :bSage Publications ;aLondon :bPaul Chapman,c2005. aviii, 200 p. :bill. aIncludes bibliographical references (p. 186-195) and index. aElectronic reproduction.bPalo Alto, Calif. :cebrary,d2009.nAvailable via World Wide Web.nAccess may be limited to ebrary affiliated libraries. 0aEducationxResearch. 0aAction research in education. 7aElectronic books.2local1 aBartlett, Steve.2 aebrary, Inc.40uhttp://site.ebrary.com/lib/rucke/Doc?id=10218237zAn electronic book accessible through the World Wide Web; click to view c129669d129669